Alle UEFA Champions-League Finalspielorte - Statistiken

Allgemein
  • Dieses Quiz wurde 420 mal gespielt
    153 seit der letzten Aktualisierung
  • Das Durchschnittsergebnis liegt bei 17 aus 21
Antwortstatistiken
Anzahl Spielort % Korrekt
4 München
99%
3 London
97%
3 Madrid
97%
1 Barcelona
94%
1 Berlin
94%
2 Lissabon
92%
3 Paris (Saint-Denis)
92%
2 Rom
91%
2 Mailand
90%
2 Istanbul
89%
1 Manchester
79%
1 Moskau
79%
1 Amsterdam
76%
1 Wien
76%
1 Budapest
69%
1 Porto
69%
2 Athen
65%
1 Kiew
65%
1 Glasgow
61%
1 Gelsenkirchen
40%
1 Cardiff
37%
Keine übereinstimmenden Quizze gefunden
Verteilung der Resultate
Anzahl Personen mit jedem Resultat
Perzentil nach korrekt beantworteten Fragen
Ihre Resultats-Entwicklung
Sie haben dieses Quiz seit der letzten Aktualisierung nicht gespielt